[Event "BCF-ch 92nd"]
[Site "Douglas IOM"]
[Date "2005.08.05"]
[Round "5.23"]
[White "Poobalasingam, Peter"]
[Black "Ilett, Raymond"]
[Result "1-0"]
[WhiteElo "2067"]
[BlackElo "1824"]
[PlyCount "69"]
[EventDate "2005.08.01"]

1. d4 Nf6 2. c4 e6 3. Nc3 Bb4 4. e3 c5 5. Nge2 O-O 6. a3 Bxc3+ 7. Nxc3 d6 8.
Be2 e5 9. O-O Bf5 10. b4 Nc6 11. dxc5 dxc5 12. bxc5 Qa5 13. Nb5 Rfd8 14. Nd6
Bc8 15. a4 Qxc5 16. Ba3 Nb4 17. Qb3 a5 18. Nxc8 Raxc8 19. Rfb1 Rd2 20. Kf1 Rxe2
21. Kxe2 Qxc4+ 22. Qxc4 Rxc4 23. Rc1 Nc2 24. Kd3 Nxa3 25. Rxc4 Nxc4 26. Kxc4
Kf8 27. Kb5 Nd7 28. Kxa5 Ke7 29. Rb1 Nc5 30. Kb5 Nd7 31. a5 Kd6 32. Rc1 f6 33.
Rc8 g5 34. Rh8 h5 35. Rxh5 1-0

[Event "BCF-ch 92nd"]
[Site "Douglas IOM"]
[Date "2005.08.06"]
[Round "6.1"]
[White "Ward, Chris"]
[Black "Conquest, Stuart"]
[Result "1/2-1/2"]
[WhiteElo "2485"]
[BlackElo "2503"]
[PlyCount "103"]
[EventDate "2005.08.01"]

1. d4 d5 2. c4 e6 3. Nc3 c5 4. cxd5 exd5 5. Nf3 Nc6 6. g3 Nf6 7. Bg2 Be7 8. O-O
O-O 9. Bg5 cxd4 10. Nxd4 h6 11. Be3 Re8 12. Qa4 Bd7 13. Rad1 Nb4 14. Qb3 a5 15.
a4 Bf8 16. Rd2 Qc8 17. Rfd1 Ra6 18. Ndb5 Be6 19. Nd4 Ng4 20. Nxe6 Nxe3 21. fxe3
fxe6 22. Nb5 Be7 23. Kh1 Kh8 24. e4 Bg5 25. e3 Qb8 26. Rf2 Rc6 27. Nd4 Rcc8 28.
Rf7 Rc7 29. Rxc7 Qxc7 30. Rf1 Qc5 31. Qc3 b6 32. h4 Bf6 33. Qd2 Qd6 34. Ne2 Rc8
35. Rc1 Rxc1+ 36. Qxc1 Qc5 37. Qd2 Qc2 38. Qxc2 Nxc2 39. exd5 exd5 40. Bxd5
Nxe3 41. Be6 Bxb2 42. Nf4 g5 43. hxg5 hxg5 44. Nd5 Nc4 45. Kg2 Kg7 46. Kf3 Bd4
47. Kg4 Nd6 48. Kxg5 Ne4+ 49. Kf5 Nc5 50. Nxb6 Nxe6 51. Nc4 Nc5 52. Nxa5
1/2-1/2

[Event "BCF-ch 92nd"]
[Site "Douglas IOM"]
[Date "2005.08.06"]
[Round "6.2"]
[White "Greet, Andrew"]
[Black "Rowson, Jonathan"]
[Result "1/2-1/2"]
[WhiteElo "2425"]
[BlackElo "2599"]
[PlyCount "69"]
[EventDate "2005.08.01"]

1. d4 Nf6 2. Nf3 c5 3. d5 g6 4. Nc3 Bg7 5. e4 d6 6. Bb5+ Nfd7 7. a4 O-O 8. O-O
Na6 9. Re1 Nc7 10. Bf1 Ne5 11. Nxe5 Bxe5 12. Bh6 Re8 13. Qd2 e6 14. Bg5 f6 15.
Be3 Bxc3 16. Qxc3 e5 17. f4 b6 18. fxe5 Rxe5 19. Bf4 a5 20. Rad1 Kg7 21. Bxe5
dxe5 22. d6 Ne6 23. Qc4 Nd4 24. d7 Ba6 25. Qd5 Bxf1 26. Rxf1 Ra7 27. Rxf6 Kxf6
28. Rf1+ Nf5 29. exf5 Rxd7 30. fxg6+ Kxg6 31. Qe6+ Kg7 32. Qxe5+ Kg8 33. Qe6+
Kg7 34. Qe5+ Kg8 35. Qe6+ 1/2-1/2

[Event "BCF-ch 92nd"]
[Site "Douglas IOM"]
[Date "2005.08.06"]
[Round "6.3"]
[White "Haslinger, Stewart"]
[Black "Littlewood, Paul"]
[Result "1-0"]
[WhiteElo "2412"]
[BlackElo "2355"]
[PlyCount "93"]
[EventDate "2005.08.01"]

1. e4 c5 2. Nf3 d6 3. d4 cxd4 4. Nxd4 Nf6 5. Nc3 g6 6. Be3 Bg7 7. f3 Nc6 8. Qd2
h5 9. O-O-O Bd7 10. Kb1 Rb8 11. Be2 a6 12. h4 Ne5 13. f4 Neg4 14. e5 dxe5 15.
fxe5 Nxe5 16. Bf4 Nfg4 17. Rhe1 f6 18. Bd3 O-O 19. Nf3 Bf5 20. Bxe5 fxe5 21.
Ne4 Qc7 22. Qb4 Rbc8 23. Qb3+ Kh8 24. Nfg5 Bf6 25. Nf3 Bxe4 26. Bxe4 Nf2 27.
Qe3 Nxe4 28. Qh6+ Kg8 29. Qxg6+ Bg7 30. Qxe4 Rf4 31. Qd5+ Kh8 32. c3 Qb6 33.
Nxe5 Rf2 34. Nf7+ Kh7 35. Ng5+ Kh8 36. Rd2 Rxd2 37. Qxd2 Bxc3 38. Qc2 Qxb2+ 39.
Qxb2 Bxb2 40. Kxb2 Rc4 41. g3 Rg4 42. Rxe7 Rxg3 43. Rxb7 Kg8 44. Rb4 Kg7 45. a4
Rg4 46. Rxg4 hxg4 47. Ne4 1-0

[Event "BCF-ch 92nd"]
[Site "Douglas IOM"]
[Date "2005.08.06"]
[Round "6.4"]
[White "Knott, Simon"]
[Black "Williams, Simon"]
[Result "1/2-1/2"]
[WhiteElo "2382"]
[BlackElo "2461"]
[PlyCount "47"]
[EventDate "2005.08.01"]

1. Nf3 e6 2. c4 f5 3. g3 Nf6 4. Bg2 Be7 5. O-O O-O 6. d4 d6 7. Nc3 Ne4 8. Qc2
Nxc3 9. Qxc3 a5 10. b3 Nc6 11. Bb2 Bf6 12. Qd2 e5 13. dxe5 dxe5 14. Qd5+ Kh8
15. Qxd8 Rxd8 16. Rfd1 Rf8 17. Ne1 e4 18. Bxf6 Rxf6 19. f3 Re6 20. Nc2 Re8 21.
Nd4 exf3 22. Bxf3 Nxd4 23. Rxd4 c6 24. Re1 1/2-1/2

[Event "BCF-ch 92nd"]
[Site "Douglas IOM"]
[Date "2005.08.06"]
[Round "6.5"]
[White "Sowray, Peter"]
[Black "Pert, Richard"]
[Result "0-1"]
[WhiteElo "2364"]
[BlackElo "2424"]
[PlyCount "48"]
[EventDate "2005.08.01"]

1. Nf3 f5 2. g3 Nf6 3. Bg2 d6 4. O-O e5 5. d3 Be7 6. c4 O-O 7. Nc3 a5 8. Rb1
Kh8 9. a3 Qe8 10. b4 Qh5 11. Qb3 f4 12. Nd5 Nxd5 13. cxd5 axb4 14. axb4 Nd7 15.
Bd2 Nf6 16. Ra1 Rb8 17. Rfc1 Bh3 18. Be1 Ng4 19. b5 fxg3 20. hxg3 Rf6 21. Qa4
Bxg2 22. Kxg2 Rh6 23. Ng1 Qh1+ 24. Kf1 Nh2# 0-1

[Event "BCF-ch 92nd"]
[Site "Douglas IOM"]
[Date "2005.08.06"]
[Round "6.6"]
[White "Emms, John"]
[Black "Woodward, Timothy"]
[Result "1/2-1/2"]
[WhiteElo "2509"]
[BlackElo "2313"]
[PlyCount "61"]
[EventDate "2005.08.01"]

1. e4 c6 2. d4 d5 3. exd5 cxd5 4. c4 Nf6 5. Nc3 Nc6 6. Nf3 Bg4 7. cxd5 Nxd5 8.
Qb3 Bxf3 9. gxf3 e6 10. Qxb7 Nxd4 11. Bb5+ Nxb5 12. Qc6+ Ke7 13. Qxb5 Qd7 14.
Nxd5+ Qxd5 15. Qxd5 exd5 16. O-O Ke6 17. Re1+ Kf5 18. Rd1 Rd8 19. Be3 Rd7 20.
Rac1 Be7 21. Rc6 Bf6 22. Rc5 Rhd8 23. b3 Be5 24. Bd4 Rb8 25. Ra5 Rbb7 26. h3
Rbc7 27. Kg2 h5 28. Kf1 f6 29. Be3 Ke6 30. Bd4 Kf5 31. Be3 1/2-1/2

[Event "BCF-ch 92nd"]
[Site "Douglas IOM"]
[Date "2005.08.06"]
[Round "6.8"]
[White "Gordon, Stephen"]
[Black "Therrien, Alex"]
[Result "1-0"]
[WhiteElo "2390"]
[BlackElo "2294"]
[PlyCount "67"]
[EventDate "2005.08.01"]

1. d4 d5 2. Nf3 Nf6 3. c4 dxc4 4. e3 e6 5. Bxc4 a6 6. O-O c5 7. Bb3 Nbd7 8. Qe2
cxd4 9. exd4 Be7 10. Re1 Nb6 11. Nc3 O-O 12. Bg5 Nfd5 13. Bxe7 Nxe7 14. Rad1
Nc6 15. Ne5 Qh4 16. Qf3 Bd7 17. Re4 Nxe5 18. dxe5 Qh6 19. Qg3 Bc6 20. Rh4 Qg6
21. Rg4 Qh6 22. Rb4 Nc8 23. Rh4 Qg6 24. Rg4 Qh6 25. Bc2 g6 26. Rh4 Qg7 27. Qg5
f6 28. exf6 Qxf6 29. Qxf6 Rxf6 30. Rd8+ Kg7 31. Ne4 Rf5 32. f4 Bxe4 33. Bxe4
Rb5 34. Rd7+ 1-0

[Event "BCF-ch 92nd"]
[Site "Douglas IOM"]
[Date "2005.08.06"]
[Round "6.10"]
[White "Eggleston, Thomas"]
[Black "Rudd, Jack"]
[Result "0-1"]
[WhiteElo "2166"]
[BlackElo "2268"]
[PlyCount "48"]
[EventDate "2005.08.01"]

1. e4 c5 2. Nf3 e6 3. d4 cxd4 4. Nxd4 Nf6 5. Nc3 Nc6 6. g3 Bb4 7. Bg2 Qa5 8.
Nde2 d5 9. exd5 exd5 10. O-O O-O 11. Bd2 Qd8 12. Bg5 Be6 13. Nb5 Bg4 14. c3 Re8
15. Re1 Bc5 16. h3 Qb6 17. hxg4 Bxf2+ 18. Kh1 Qxb5 19. Nd4 Nxd4 20. Rxe8+ Rxe8
21. cxd4 Ne4 22. Bxe4 dxe4 23. d5 e3 24. Qf3 Qxb2 0-1

[Event "BCF-ch 92nd"]
[Site "Douglas IOM"]
[Date "2005.08.06"]
[Round "6.11"]
[White "Ashton, Adam"]
[Black "Rayner, Francis"]
[Result "1/2-1/2"]
[WhiteElo "2294"]
[BlackElo "2216"]
[PlyCount "96"]
[EventDate "2005.08.01"]

1. e4 c5 2. Nf3 d6 3. d4 cxd4 4. Nxd4 Nf6 5. Nc3 a6 6. Bc4 e6 7. O-O Be7 8. Bb3
Nc6 9. Be3 O-O 10. f4 Nxd4 11. Bxd4 b5 12. e5 dxe5 13. fxe5 Nd7 14. Ne4 Bb7 15.
Nd6 Bxd6 16. exd6 Qg5 17. Rf2 Rad8 18. Qe2 e5 19. Bc3 Nc5 20. Qxe5 Qxe5 21.
Bxe5 Ne4 22. Rff1 Nxd6 23. Rae1 Nc4 24. Bc3 Rd7 25. Rf4 Bd5 26. Rd4 Rfd8 27.
Red1 Be6 28. Rxd7 Rxd7 29. Rxd7 Bxd7 30. Kf2 Be6 31. Ke2 f6 32. Kd3 Kf7 33. Kd4
Ke7 34. Kc5 Ne3 35. Bxe6 Kxe6 36. Kb6 Kd5 37. Kxa6 Kc5 38. Be1 Nxc2 39. Bf2+
Kc6 40. Ka5 f5 41. h4 f4 42. g3 fxg3 43. Bxg3 Ne3 44. b3 Nf5 45. Bf2 g6 46. a4
bxa4 47. Kxa4 h6 48. Ka5 Kb7 1/2-1/2

[Event "BCF-ch 92nd"]
[Site "Douglas IOM"]
[Date "2005.08.06"]
[Round "6.14"]
[White "Hodgson, John"]
[Black "Eggleston, David"]
[Result "1/2-1/2"]
[WhiteElo "2225"]
[BlackElo "2138"]
[PlyCount "47"]
[EventDate "2005.08.01"]

1. e4 e6 2. d4 d5 3. Nd2 c5 4. exd5 exd5 5. Ngf3 a6 6. Be2 c4 7. O-O Bd6 8. Ne5
Ne7 9. b3 f6 10. Nef3 b5 11. bxc4 bxc4 12. Re1 O-O 13. Nh4 Nbc6 14. c3 g5 15.
Nhf3 Ng6 16. Nf1 g4 17. N3d2 f5 18. g3 Nce7 19. f4 h5 20. Ne3 Be6 21. Bf1 Rf6
22. Rb1 Kg7 23. Bg2 Rb8 24. Qa4 1/2-1/2

[Event "BCF-ch 92nd"]
[Site "Douglas IOM"]
[Date "2005.08.06"]
[Round "6.15"]
[White "White, Michael JR"]
[Black "Surtees, Mike"]
[Result "1-0"]
[WhiteElo "2200"]
[BlackElo "2142"]
[PlyCount "47"]
[EventDate "2005.08.01"]

1. d4 c6 2. Nf3 f6 3. e4 d5 4. exd5 cxd5 5. c4 e6 6. Nc3 Nc6 7. Bd3 Bb4 8. O-O
g5 9. a3 Ba5 10. cxd5 exd5 11. Re1+ Kf8 12. Be3 h5 13. b4 Bc7 14. Qb3 Nge7 15.
b5 Na5 16. Qa2 Qd6 17. g3 Bg4 18. Nxg5 fxg5 19. Bxg5 Bd8 20. Re5 Rc8 21. Nxd5
Be6 22. Rae1 Bxd5 23. Bxe7+ Bxe7 24. Rxd5 1-0

[Event "BCF-ch 92nd"]
[Site "Douglas IOM"]
[Date "2005.08.06"]
[Round "6.16"]
[White "Storey, Charles"]
[Black "Waters, Michael"]
[Result "1-0"]
[WhiteElo "2211"]
[BlackElo "2125"]
[PlyCount "27"]
[EventDate "2005.08.01"]

1. f4 c5 2. Nf3 Nf6 3. e3 b6 4. a4 Bb7 5. a5 Nc6 6. a6 Bc8 7. Bb5 e6 8. O-O Be7
9. b3 Nd5 10. Ne5 Nxe5 11. fxe5 f5 12. e4 fxe4 13. Qg4 g6 14. Qxe6 1-0

[Event "BCF-ch 92nd"]
[Site "Douglas IOM"]
[Date "2005.08.06"]
[Round "6.17"]
[White "Chaplin, Peter"]
[Black "Hall, Daniel J"]
[Result "1/2-1/2"]
[WhiteElo "2062"]
[BlackElo "2037"]
[PlyCount "98"]
[EventDate "2005.08.01"]

1. e4 d5 2. d4 dxe4 3. Nc3 e5 4. d5 Nf6 5. Bg5 Bb4 6. Bb5+ Nbd7 7. Nge2 a6 8.
Bxd7+ Bxd7 9. O-O O-O 10. Nxe4 Be7 11. Nxf6+ Bxf6 12. Bxf6 Qxf6 13. Ng3 Rad8
14. Re1 Be6 15. c4 c6 16. Ne4 Qg6 17. Nc3 cxd5 18. cxd5 Bxd5 19. Nxd5 Qe6 20.
Nc7 Rxd1 21. Nxe6 Rxa1 22. Rxa1 fxe6 23. Kf1 Rc8 24. Re1 Rc2 25. Re2 Rc1+ 26.
Re1 Rxe1+ 27. Kxe1 Kf7 28. Kd2 Ke7 29. Kd3 Kd6 30. Ke4 a5 31. h4 a4 32. h5 g6
33. h6 g5 34. b3 axb3 35. axb3 g4 36. b4 b6 37. b5 Kc5 38. Kxe5 Kxb5 39. Kxe6
Kc6 40. f4 gxf3 41. gxf3 b5 42. f4 b4 43. f5 b3 44. f6 b2 45. f7 b1=Q 46. f8=Q
Qe4+ 47. Kf7 Qg6+ 48. Ke7 Qd6+ 49. Kf7 Qg6+ 1/2-1/2

[Event "BCF-ch 92nd"]
[Site "Douglas IOM"]
[Date "2005.08.06"]
[Round "6.18"]
[White "Pym, Thomas"]
[Black "Dignam, Matthew P"]
[Result "1-0"]
[WhiteElo "2099"]
[BlackElo "2194"]
[PlyCount "59"]
[EventDate "2005.08.01"]

1. e4 d6 2. d4 g6 3. f4 Bg7 4. Nf3 Bg4 5. c3 Nd7 6. Bc4 e6 7. h3 Bxf3 8. Qxf3
c6 9. f5 exf5 10. O-O d5 11. exd5 cxd5 12. Qxd5 Qe7 13. Qxb7 Rb8 14. Qxa7 Ngf6
15. Bf4 O-O 16. Nd2 Ra8 17. Qb7 Nh5 18. Rae1 Qh4 19. Bh2 Rad8 20. Nf3 Qf6 21.
g4 fxg4 22. Ne5 Qg5 23. Nxf7 Rxf7 24. Bxf7+ Kh8 25. h4 Qxh4 26. Qxd7 Rxd7 27.
Re8+ Bf8 28. Be5+ Nf6 29. Rxf8+ Kg7 30. Bxf6+ 1-0

[Event "BCF-ch 92nd"]
[Site "Douglas IOM"]
[Date "2005.08.06"]
[Round "6.20"]
[White "Cumbers, Paul"]
[Black "Poobalasingam, Peter"]
[Result "1-0"]
[WhiteElo "2118"]
[BlackElo "2067"]
[PlyCount "59"]
[EventDate "2005.08.01"]

1. e4 e6 2. d4 d5 3. e5 c5 4. c3 Qb6 5. a3 Nc6 6. Nf3 Bd7 7. b4 cxd4 8. cxd4
Rc8 9. Bb2 Na5 10. Nbd2 Nc4 11. Nxc4 dxc4 12. Rc1 a5 13. Nd2 axb4 14. Nxc4 Qd8
15. a4 Nh6 16. Bd3 Be7 17. O-O O-O 18. a5 Ra8 19. Ra1 Bb5 20. Nb6 Bxd3 21. Qxd3
Ra6 22. Qe4 Rxb6 23. axb6 Qxb6 24. Bc1 Nf5 25. d5 Bc5 26. d6 f6 27. exf6 Rxf6
28. Ra8+ Kf7 29. d7 Be7 30. Bg5 1-0

[Event "BCF-ch 92nd"]
[Site "Douglas IOM"]
[Date "2005.08.06"]
[Round "6.22"]
[White "Humphreys, Jerry"]
[Black "McDonnell, James"]
[Result "1/2-1/2"]
[WhiteElo "2115"]
[BlackElo "2054"]
[PlyCount "109"]
[EventDate "2005.08.01"]

1. e4 c5 2. Nc3 Nc6 3. g3 g6 4. Bg2 Bg7 5. Nge2 d6 6. d3 Rb8 7. Be3 e5 8. O-O
Nge7 9. Qd2 Nd4 10. Rae1 O-O 11. Nc1 b5 12. Nd1 Bg4 13. f3 Be6 14. c3 Ndc6 15.
Bh6 b4 16. Bxg7 Kxg7 17. f4 f5 18. exf5 Bxf5 19. Ne3 Be6 20. Nc4 Qc7 21. Nb3
Bd5 22. fxe5 Nxe5 23. Nxe5 dxe5 24. Qe3 Bxg2 25. Kxg2 Rxf1 26. Kxf1 bxc3 27.
bxc3 Rf8+ 28. Kg1 Nd5 29. Qxc5 Qxc5+ 30. Nxc5 Rc8 31. d4 Nxc3 32. Rxe5 Nxa2 33.
Re7+ Kh6 34. Rxa7 Nc3 35. Ne6 Re8 36. Ra6 Re7 37. Kf2 Nb5 38. Rb6 Nc3 39. Rc6
Nd5 40. Kf3 Rf7+ 41. Ke4 Rf5 42. g4 Nf6+ 43. Kd3 Nxg4 44. Rc5 Nxh2 45. Ke4 Nf1
46. Rc3 Nd2+ 47. Kd3 Nf3 48. Ke4 Ng5+ 49. Nxg5 Kxg5 50. d5 Kf6 51. Rc6+ Ke7 52.
Rc7+ Kd6 53. Rxh7 Re5+ 54. Kf4 Rxd5 55. Rg7 1/2-1/2

[Event "BCF-ch 92nd"]
[Site "Douglas IOM"]
[Date "2005.08.06"]
[Round "6.23"]
[White "Ilett, Raymond"]
[Black "Varnam, Liam"]
[Result "0-1"]
[WhiteElo "1824"]
[BlackElo "2088"]
[PlyCount "94"]
[EventDate "2005.08.01"]

1. d4 d5 2. c4 c6 3. Nf3 Nf6 4. Nc3 dxc4 5. e3 b5 6. a4 b4 7. Na2 e6 8. Bxc4 a5
9. O-O Be7 10. b3 O-O 11. Bb2 Ba6 12. Ne5 Qb6 13. Qf3 Bb7 14. Qh3 c5 15. dxc5
Bxc5 16. Bd3 Ba6 17. Rfd1 Bxd3 18. Rxd3 Nc6 19. Nxc6 Qxc6 20. Bxf6 gxf6 21.
Rad1 Bb6 22. Qg4+ Kh8 23. Rc1 Qb7 24. Qh4 Qe7 25. e4 Rg8 26. Rh3 Rg7 27. e5 Bd8
28. exf6 Qxf6 29. Qxf6 Bxf6 30. Rg3 Rxg3 31. hxg3 Rd8 32. Rc5 Rd2 33. Rc8+ Kg7
34. Nc1 Bb2 35. Kh2 Kf6 36. f3 Ke5 37. Kh3 Bxc1 38. Rxc1 Rb2 39. Rc5+ Kd4 40.
Rxa5 Rxb3 41. Ra7 Ra3 42. Rxf7 b3 43. Rxh7 b2 44. Rb7 Kc3 45. Rc7+ Kb3 46. Rb7+
Ka2 47. Kg4 Rb3 0-1

[Event "BCF-ch 92nd"]
[Site "Douglas IOM"]
[Date "2005.08.08"]
[Round "7.1"]
[White "Rowson, Jonathan"]
[Black "Ward, Chris"]
[Result "1-0"]
[WhiteElo "2599"]
[BlackElo "2485"]
[PlyCount "99"]
[EventDate "2005.08.01"]

1. d4 Nf6 2. c4 e6 3. Nf3 c5 4. d5 d6 5. Nc3 exd5 6. cxd5 g6 7. e4 a6 8. Qe2
Bg4 9. e5 dxe5 10. Qxe5+ Qe7 11. Bf4 Bxf3 12. gxf3 Qxe5+ 13. Bxe5 Nbd7 14. f4
Bh6 15. Bh3 O-O 16. O-O b5 17. Rad1 Ra7 18. Rfe1 Nh5 19. Bd6 Nxf4 20. Bxd7 Rxd7
21. Bxf8 Kxf8 22. b3 f5 23. d6 Bg5 24. Kf1 Kf7 25. a4 b4 26. Nd5 Rxd6 27. Nc7
Nd3 28. Nxa6 Bf4 29. Re2 Rxa6 30. Rxd3 Bxh2 31. Rh3 Bd6 32. Rxh7+ Kf6 33. Rh4
f4 34. Re4 Kf5 35. f3 Be5 36. Rh7 g5 37. Rf7+ Kg6 38. Re7 Bf6 39. R7e6 Ra5 40.
Rc6 Kf5 41. Ree6 Bd4 42. Ra6 Rxa6 43. Rxa6 g4 44. fxg4+ Ke4 45. Rc6 Kd5 46. Rc8
Ke6 47. a5 Kd7 48. Rb8 Kc7 49. Rb5 Kc6 50. a6 1-0

[Event "BCF-ch 92nd"]
[Site "Douglas IOM"]
[Date "2005.08.08"]
[Round "7.2"]
[White "Conquest, Stuart"]
[Black "Haslinger, Stewart"]
[Result "1/2-1/2"]
[WhiteElo "2503"]
[BlackElo "2412"]
[PlyCount "117"]
[EventDate "2005.08.01"]

1. e4 e5 2. Nf3 Nc6 3. Bb5 a6 4. Ba4 Nf6 5. O-O Be7 6. Re1 b5 7. Bb3 d6 8. a4
b4 9. c3 Rb8 10. a5 O-O 11. Bc4 h6 12. Qe2 Qd7 13. d4 bxc3 14. dxe5 Nxe5 15.
Nxe5 dxe5 16. Nxc3 Bc5 17. h3 Qc6 18. Rd1 Bd4 19. Ra3 Bc5 20. Rb3 Rxb3 21. Bxb3
Bb4 22. Nd5 Nxd5 23. Bxd5 Qg6 24. Rd3 Bxa5 25. Rg3 Qf6 26. Qh5 Kh7 27. Rf3 Qg6
28. Qxe5 Bb6 29. Bf4 Be6 30. Rg3 Qf6 31. Qxf6 gxf6 32. Rc3 Bxd5 33. exd5 Rd8
34. Bxc7 Bxc7 35. Rxc7 Rxd5 36. Rxf7+ Kg6 37. Rb7 Rd1+ 38. Kh2 h5 39. Kg3 Rd3+
40. Kf4 Rd2 41. Ke3 Rc2 42. b4 Ra2 43. g3 Ra3+ 44. Ke4 h4 45. gxh4 Rxh3 46. f4
Rxh4 47. Ra7 Rh5 48. Rxa6 Rb5 49. Ra4 Rb8 50. Ke3 Rb7 51. Kd4 Kf5 52. Kd5 Rb8
53. Kd6 Kxf4 54. b5+ Ke3 55. Rb4 f5 56. Ke5 f4 57. b6 f3 58. Rb3+ Ke2 59. Rb2+
1/2-1/2

[Event "BCF-ch 92nd"]
[Site "Douglas IOM"]
[Date "2005.08.08"]
[Round "7.3"]
[White "Pert, Richard"]
[Black "Greet, Andrew"]
[Result "0-1"]
[WhiteElo "2424"]
[BlackElo "2425"]
[PlyCount "110"]
[EventDate "2005.08.01"]

1. e4 e5 2. Nf3 Nc6 3. d4 exd4 4. Nxd4 Nf6 5. Nc3 Bb4 6. Nxc6 bxc6 7. Bd3 O-O
8. O-O d5 9. exd5 cxd5 10. Bg5 c6 11. Na4 h6 12. Bh4 Be6 13. c3 Be7 14. Re1 Qc7
15. Bg3 Qd7 16. Bh4 Rfe8 17. Bc2 Bf5 18. Rc1 g5 19. Bg3 Bf8 20. Qd2 Ne4 21.
Bxe4 dxe4 22. Qe3 Rad8 23. Nc5 Qd2 24. b4 Qxe3 25. fxe3 Bxc5 26. bxc5 Rd2 27.
Rf1 Be6 28. Rf2 Rd3 29. Re2 Bc4 30. Kf2 Re6 31. Ke1 Re7 32. Kf2 Rb7 33. Rec2 f6
34. Bd6 Kf7 35. h4 Kg6 36. Rh1 a6 37. Re1 Kg7 38. hxg5 hxg5 39. Kg3 Kg6 40. Kf2
Kg7 41. Rh1 a5 42. a4 Rd5 43. Ra1 Rb3 44. Raa2 Rb1 45. Rab2 Rf1+ 46. Kg3 Rd3
47. Rb7+ Kg6 48. Rc7 Rxe3+ 49. Kh2 Kh5 50. g4+ Kxg4 51. Rg2+ Kf5 52. Rxc6 Ree1
53. Be7 Rh1+ 54. Kg3 Re3+ 55. Kf2 Rf3# 0-1

[Event "BCF-ch 92nd"]
[Site "Douglas IOM"]
[Date "2005.08.08"]
[Round "7.4"]
[White "Williams, Simon"]
[Black "Gordon, Stephen"]
[Result "0-1"]
[WhiteElo "2461"]
[BlackElo "2390"]
[PlyCount "94"]
[EventDate "2005.08.01"]

1. c4 Nf6 2. Nc3 g6 3. e4 d6 4. d4 Bg7 5. Nge2 a6 6. h4 Nbd7 7. Ng3 c5 8. h5
cxd4 9. h6 dxc3 10. hxg7 Rg8 11. b3 Qa5 12. Qc2 b5 13. a3 bxc4 14. Bxc4 Ne5 15.
b4 Qc7 16. Bb3 Rxg7 17. Be3 Bd7 18. O-O h5 19. Rfc1 Rc8 20. Bd4 h4 21. Ne2 Neg4
22. Nxc3 e5 23. Qd2 exd4 24. Nd5 Qa7 25. Rxc8+ Bxc8 26. Rc1 Nxd5 27. Rxc8+ Kd7
28. Rh8 Nde3 29. e5 dxe5 30. fxe3 f5 31. Ba4+ Ke7 32. Re8+ Kf6 33. Bb3 dxe3 34.
Qd8+ Re7 35. Qd6+ Kg5 36. Qxe7+ Qxe7 37. Rxe7 e2 38. Rxe5 Nxe5 39. Kf2 Kf4 40.
Kxe2 Kg3 41. Bd5 f4 42. a4 g5 43. Kf1 g4 44. Kg1 h3 45. Be4 h2+ 46. Kh1 f3 47.
gxf3 gxf3 0-1

[Event "BCF-ch 92nd"]
[Site "Douglas IOM"]
[Date "2005.08.08"]
[Round "7.6"]
[White "Littlewood, Paul"]
[Black "Knott, Simon"]
[Result "1-0"]
[WhiteElo "2355"]
[BlackElo "2382"]
[PlyCount "57"]
[EventDate "2005.08.01"]

1. d4 Nf6 2. c4 g6 3. Nc3 d5 4. Nf3 Bg7 5. e3 O-O 6. b4 b6 7. Qb3 c5 8. bxc5
bxc5 9. cxd5 Na6 10. Bd2 Rb8 11. Qa4 Nb4 12. Rc1 Bg4 13. dxc5 Bxf3 14. gxf3
Nfxd5 15. Ne4 Qc8 16. Bc4 Rd8 17. Ke2 Nc6 18. Rb1 Ne5 19. Rxb8 Qxb8 20. Bxd5
Rxd5 21. Rc1 Qc8 22. Bc3 Nd3 23. Rc2 Bxc3 24. Rxc3 Ne5 25. c6 Qf5 26. Nd2 Rxd2+
27. Kxd2 Nxf3+ 28. Kc1 Qd5 29. Qc2 1-0

[Event "BCF-ch 92nd"]
[Site "Douglas IOM"]
[Date "2005.08.08"]
[Round "7.10"]
[White "Nixon, Thomas"]
[Black "Ashton, Adam"]
[Result "0-1"]
[WhiteElo "2195"]
[BlackElo "2294"]
[PlyCount "136"]
[EventDate "2005.08.01"]

1. d4 d5 2. Nf3 Nf6 3. c4 e6 4. g3 dxc4 5. Qa4+ Nbd7 6. Bg2 a6 7. Qxc4 b5 8.
Qc2 Bb7 9. O-O c5 10. dxc5 Bxc5 11. Nbd2 Rc8 12. Qb1 Qb6 13. e3 O-O 14. Ne1
Bxg2 15. Kxg2 Qb7+ 16. e4 Ne5 17. Nef3 Nxf3 18. Kxf3 Rfd8 19. Re1 Bb4 20. Re2
Rxc1 21. Qxc1 Rxd2 22. Qb1 Rxe2 23. Kxe2 Nxe4 24. Qd3 Bf8 25. Rc1 Nf6 26. Qd8
Qe4+ 27. Kd1 Qa4+ 28. Ke1 Qe4+ 29. Kd1 Qd5+ 30. Qxd5 Nxd5 31. Rc8 a5 32. Rb8 b4
33. Ra8 Nb6 34. Rb8 Nc4 35. b3 Nd6 36. Kc2 Ne4 37. f4 g6 38. Ra8 Nf6 39. Rxa5
Nd5 40. Kd3 Kg7 41. Kd4 Kf6 42. Ke4 h5 43. Ra8 Be7 44. Ra7 Bc5 45. Ra5 Bg1 46.
h3 Bb6 47. Ra6 Bc7 48. h4 Bb6 49. a4 bxa3 50. Rxa3 Bf2 51. Kf3 Bc5 52. Ra5 Bb6
53. Ra8 Kf5 54. Rb8 Bc5 55. Rd8 Bb4 56. Rd7 f6 57. Rd8 Bc5 58. Rd7 Be7 59. Ra7
e5 60. fxe5 fxe5 61. Ra4 Bb4 62. Ra7 e4+ 63. Kg2 Bd2 64. Rd7 Ke6 65. Rd8 e3 66.
Kf3 Nc3 67. Re8+ Kf7 68. Re5 Kf6 0-1

[Event "BCF-ch 92nd"]
[Site "Douglas IOM"]
[Date "2005.08.08"]
[Round "7.11"]
[White "Therrien, Alex"]
[Black "Storey, Charles"]
[Result "0-1"]
[WhiteElo "2294"]
[BlackElo "2211"]
[PlyCount "73"]
[EventDate "2005.08.01"]

1. d4 c5 2. d5 g6 3. e4 Bg7 4. c4 d6 5. Bd3 Nf6 6. Nc3 O-O 7. h3 e6 8. Nf3 e5
9. g4 Na6 10. Be3 Kh8 11. Qe2 Nb4 12. Bb1 Rb8 13. a3 Na6 14. Bd3 Nc7 15. Nd2 a6
16. b4 b6 17. Nf1 cxb4 18. axb4 b5 19. cxb5 axb5 20. Bd2 Bd7 21. Ng3 Ra8 22.
O-O Rxa1 23. Rxa1 Nfxd5 24. exd5 f5 25. Ra7 e4 26. Bxb5 Bd4 27. Rb7 Bc8 28. Qc4
Bxf2+ 29. Kxf2 Bxb7 30. Bh6 Rf7 31. gxf5 Qh4 32. Be3 gxf5 33. Bc6 f4 34. Bd4+
Kg8 35. Ncxe4 fxg3+ 36. Kg2 Qxe4+ 37. Kxg3 0-1

[Event "BCF-ch 92nd"]
[Site "Douglas IOM"]
[Date "2005.08.08"]
[Round "7.12"]
[White "Jessel, Stephen"]
[Black "Eggleston, Thomas"]
[Result "1-0"]
[WhiteElo "2285"]
[BlackElo "2166"]
[PlyCount "67"]
[EventDate "2005.08.01"]

1. e4 e6 2. d4 d5 3. Nc3 Nf6 4. e5 Nfd7 5. f4 c5 6. Nf3 Nc6 7. Be3 cxd4 8. Nxd4
Bc5 9. Qd2 O-O 10. O-O-O a6 11. h4 Nxd4 12. Bxd4 b5 13. Rh3 b4 14. Na4 Bxd4 15.
Qxd4 Qa5 16. b3 Bb7 17. c3 Rfc8 18. Kb2 bxc3+ 19. Rxc3 Rxc3 20. Nxc3 Rc8 21.
Rc1 Qc5 22. Qxc5 Nxc5 23. b4 Nd7 24. Ne2 Rxc1 25. Nxc1 f6 26. Nb3 fxe5 27. fxe5
Bc8 28. Nc5 Nxc5 29. bxc5 Kf7 30. Kc3 Ke7 31. c6 Kd8 32. Kd4 Ke8 33. Kc5 Ke7
34. a4 1-0

[Event "BCF-ch 92nd"]
[Site "Douglas IOM"]
[Date "2005.08.08"]
[Round "7.13"]
[White "Eggleston, David"]
[Black "Stone, Andrew"]
[Result "1-0"]
[WhiteElo "2138"]
[BlackElo "2265"]
[PlyCount "65"]
[EventDate "2005.08.01"]

1. e4 e6 2. d4 d5 3. Nd2 c5 4. exd5 Qxd5 5. Ngf3 Nf6 6. Bc4 Qd6 7. dxc5 Qxc5 8.
O-O Nbd7 9. Qe2 Bd6 10. Rd1 Nb6 11. Bb3 Bd7 12. Ne4 Nxe4 13. Qxe4 O-O-O 14. Bf4
Bc6 15. Bxd6 Qxd6 16. Qe1 Qc7 17. Ne5 Nd5 18. Rd4 Kb8 19. Rad1 Rc8 20. Nxc6+
bxc6 21. c4 Nb6 22. h3 Rce8 23. Rd6 Nd5 24. c5 Rd8 25. Qe5 g6 26. Ba4 Rhe8 27.
Bxc6 f6 28. Qg3 Rf8 29. Bxd5 exd5 30. R1xd5 Rde8 31. Kh2 Re7 32. c6 f5 33. Rd8+
1-0

[Event "BCF-ch 92nd"]
[Site "Douglas IOM"]
[Date "2005.08.08"]
[Round "7.14"]
[White "Mitchell, Martin"]
[Black "Hodgson, John"]
[Result "1/2-1/2"]
[WhiteElo "2172"]
[BlackElo "2225"]
[PlyCount "60"]
[EventDate "2005.08.01"]

1. d4 Nf6 2. c4 g6 3. Nc3 d5 4. Nf3 Bg7 5. Bg5 Ne4 6. cxd5 Nxg5 7. Nxg5 e6 8.
Qd2 exd5 9. Qe3+ Kf8 10. Qf4 Bf6 11. h4 h6 12. Nxd5 Bxg5 13. Qe5 Rh7 14. hxg5
Nc6 15. Qe4 Bf5 16. Qf3 Nxd4 17. Qa3+ Kg7 18. Ne3 hxg5 19. Rxh7+ Kxh7 20. O-O-O
Qf6 21. Qc3 c5 22. Nxf5 Qxf5 23. e3 Nc6 24. Ba6 Kg8 25. Rh1 Ne5 26. Bxb7 Rd8
27. e4 Qxf2 28. Qxe5 Qd2+ 29. Kb1 Qd3+ 30. Kc1 Qd2+ 1/2-1/2